000
00213 a2200097 4500
001
18939
100
_a
Smitt C
245
_a
Key to treatise on algebra
260
_a
_b
Macmillan & Co
_c
1931
090
_c
14027
_d
14027
942
_a
NUST-CAE
_c
M
_c
4478
999
_c
254012
_d
254012